000 00360 a2200145 4500
001 154715
040 _cEscola São Tomás de Aquino
100 _aMOTA, Carlos Guilherme
240 1 0 _aTiradentes e a Inconfidência Mineira
_lpor
245 1 0 _aTiradentes e a Inconfidência Mineira
300 _a39
440 1 _aÁtica
697 _aHISTÓRIA
942 _cBK
999 _c154715
_d154715